000 00654nam a2200193Ia 4500
008 100921s9999 xx 000 0 und d
082 _b36959
_a891.463 न 03
100 _aअष्टीकर मंदाकिनी.
245 _aउतरणीचा आधार.
260 _bनिशिगंधा प्रकाशन,पुणे.
260 _c2003
300 _a320
_bजयेश एजन्सी,पुणे.
365 _b260
520 _aललित-कथा.
630 _aउतरणीचा आधार.
650 _aललित-कथा.
730 _aउतरणीचा आधार.
942 _cBOOK
999 _c786072
_d786069